000 00657nam a2200229 a 4500
001 14084
003 BD-JhCC
005 20240919130211.0
008 240919b1994 us a|||| ||a| 001 0 eng d
020 _a0131774298
035 _a(BD-JhCC)14084
040 _aBD-JhCC
_dBD-JhCC
041 _aenglish
082 _a005
_bLIN 1994
100 _a Linden,Peter Van der
245 _a Expert C programming /
_cPeter Van der Linden.
260 _aAmerica:
_b SunSoft Press;
_c1994.
300 _a353 p. :
_bill;
_c25 cm.
650 _a C (Computer program language)
_xC (Langage de programmation)
_zElectronic books / local
942 _2ddc
_cBK
999 _c14084
_d14084